The Sorrows Of Linda/ (Record no. 206711)

MARC details
000 -LEADER
fixed length control field 00550nam a2200193 4500
005 - DATE AND TIME OF LATEST TRANSACTION
control field 20241024144635.0
010 ## - LCCN (DPL NO)
LC control number ENG-142421
020 ## - INTERNATIONAL STANDARD BOOK NUMBER
Terms of availability 990.00
International Standard Book Number 9788194676225
035 ## - SYSTEM CONTROL NUMBER
System control number EN-125953
037 ## - SOURCE OF ACQUISITION
Source of stock number/acquisition DBAD
082 ## - DEWEY DECIMAL CLASSIFICATION NUMBER
Classification number N
100 ## - MAIN ENTRY--PERSONAL NAME
Personal name Ahmadu, Irimiya Ezekiel
245 ## - TITLE STATEMENT
Title The Sorrows Of Linda/
Remainder of title Irimiya Ezekiel Ahmadu
250 ## - EDITION STATEMENT
Edition statement First
260 ## - PUBLICATION, DISTRIBUTION, ETC. (IMPRINT)
Name of publisher, distributor, etc Exceller Books
Place of publication, distribution, etc Kolkata
Date of publication, distribution, etc 2020
270 ## - ADDRESS
Address G1, Dream Apartment, Degree College Road,Belgharia
City Kolkata
Postal code 700056
300 ## - PHYSICAL DESCRIPTION
Extent 227p.
Dimensions 21cm(hb)
942 ## - ADDED ENTRY ELEMENTS (KOHA)
Source of classification or shelving scheme Dewey Decimal Classification
Item type English Books
Classification part N
Call number suffix AHM
Edition 2020
Holdings
Withdrawn status Lost status Not for loan Collection code Home library Current library Date acquired Source of acquisition Cost, normal purchase price Full call number Barcode Copy number Cost, replacement price Koha item type
      Fiction Bawana Bawana 24/10/2024 DBAD 990.00 N AHM EN-125953 1 990.00 English Books

© Delhi Public Library
Hit Counter
free hit counter